Scholia Graeca in Homeri Iliadem (scholia vetera)
Αποθηκεύτηκε σε:
| Άλλοι συγγραφείς: | |
|---|---|
| Μορφή: | Βιβλίο |
| Γλώσσα: | Greek Latin |
| Δημοσίευση: |
Berolini :
De Gryter,
1969-1988
|
| Θέματα: | |
| Ετικέτες: |
Προσθήκη ετικέτας
Δεν υπάρχουν, Καταχωρήστε ετικέτα πρώτοι!
|
MARC
| LEADER | 00000nam a2200000 i 4500 | ||
|---|---|---|---|
| 001 | 1/68190 | ||
| 008 | 990128m19691988 gre d | ||
| 020 | |a 3-11-003-882-X (v.2) | ||
| 020 | |a 3-11-004-641-5 (v.3) | ||
| 020 | |a 3-11-005-770-0 (v.4) | ||
| 020 | |a 3-11-006-911-3 (v.5) | ||
| 035 | |l 10047608 | ||
| 040 | |a GR-MY-UA |b gre |e aacr | ||
| 041 | 0 | |a gre |a lat | |
| 082 | 0 | |a 883.01 | |
| 245 | 1 | 0 | |a Scholia Graeca in Homeri Iliadem (scholia vetera) / |c recensvit Hartmvt Erbse |
| 260 | |a Berolini : |b De Gryter, |c 1969-1988 | ||
| 300 | |a 7 v. | ||
| 500 | |a Text in greek awith prefatory matter and notes in Latin | ||
| 505 | 0 | |a v.1: Praefationem et scholia ad libros A-[delta] continens. - v.2: Scholia ad libros E-I continens. - v.3: Scholia ad libros K-[xi]continens. - v.4: Scholia ad libros O-T continens. - v.5: Scholia ad libros Y-[omega] continens | |
| 630 | 0 | 0 | |a Iliad. |
| 650 | 0 | 0 | |a Epic poetry, Greek |x History and criticism. |
| 650 | 0 | 0 | |a Achilles (Greek mythology) in literature. |
| 650 | 0 | 0 | |a Trojan War |x Literature and the war. |
| 700 | 1 | |a Erbse, Hartmut |d 1915- | |
| 852 | |a INST |b RHODES |e 19990128 |h 883.01 SCH |p 005400008516 |q 005400008516 |t BK |y 0 |z v.1 | ||
| 852 | |a INST |b RHODES |e 19990128 |h 883.01 SCH |p 005400008517 |q 005400008517 |t BK |y 0 |z v.2 | ||
| 852 | |a INST |b RHODES |e 19990128 |h 883.01 SCH |p 005400008519 |q 005400008519 |t BK |y 0 |z v.3 | ||
| 852 | |a INST |b RHODES |e 19990128 |h 883.01 SCH |p 005400008520 |q 005400008520 |t BK |y 0 |z v.4 | ||
| 852 | |a INST |b RHODES |e 19990128 |h 883.01 SCH |p 005400008521 |q 005400008521 |t BK |y 0 |z v.5 | ||
| 852 | |a INST |b RHODES |e 19990128 |h 883.01 SCH |p 005400008516 |q 005400008516 |t BK |v v.1: |y 0 |z v.1 | ||
| 852 | |a INST |b RHODES |e 19990128 |h 883.01 SCH |p 005400008517 |q 005400008517 |t BK |v v.2: |y 0 |z v.2 | ||
| 852 | |a INST |b RHODES |e 19990128 |h 883.01 SCH |p 005400008519 |q 005400008519 |t BK |v v.3: |y 0 |z v.3 | ||
| 852 | |a INST |b RHODES |e 19990128 |h 883.01 SCH |p 005400008520 |q 005400008520 |t BK |v v.4: |y 0 |z v.4 | ||
| 852 | |a INST |b RHODES |e 19990128 |h 883.01 SCH |p 005400008521 |q 005400008521 |t BK |v v.5: |y 0 |z v.5 | ||
| 853 | |a INST |b RHODES |h 883.01 SCH | ||
| 909 | |a Ρ |b 026766 |c 1993 | ||
| 909 | |a Ρ |b 026767 |c 1993 | ||
| 909 | |a Ρ |b 026768 |c 1993 | ||
| 909 | |a Ρ |b 026769 |c 1993 | ||
| 909 | |a Ρ |b 026770 |c 1993 | ||
| 922 | |a 4ΕΛΗ |b 199303 |c ΜΗΝΑΣ | ||